Music Quiz

Random Music or Rock Quiz

Musicians Dos and Don'ts Quiz Stats

 Plays Quiz not verified by Sporcle

Support Sporcle.
Go Orange.
Score 0/14 Timer 03:00
0 Plays Today
% Correct
Always Love You
90.1%
Give You up
88.6%
Hold your Hand
87.6%
Survive
86.8%
Start the Fire
86%
Walk the Line
84.9%
Anything for Love
84.9%
% Correct
Walk 500 Miles
83.1%
Build this City
81.4%
Rock You
79.2%
Shoot the Sheriff
78.5%
Break Free
75%
That
70.4%
Shoot the Deputy
68.2%

You're not logged in!

Compare scores with friends on all Sporcle quizzes.
OR
Log In

From the Vault

Celebrity Doppelgängers in History

by HappyWife

'Isn't life a series of images that change as they repeat themselves?' - some Andy Warhol lookalike.
Remove Ads.
Support Sporcle.
Get the best of Sporcle when you Go Orange. This ad-free experience offers more features, more stats, and more fun while also helping to support Sporcle. Thank you for becoming a member.

Show Comments

Extras

Top Quizzes Today


Score Distribution

Your Account Isn't Verified!

In order to create a playlist on Sporcle, you need to verify the email address you used during registration. Go to your Sporcle Settings to finish the process.

Report this User

Report this user for behavior that violates our Community Guidelines.

Details: